| 000 | 00782nam a22002657a 4500 | ||
|---|---|---|---|
| 003 | URS | ||
| 005 | 20250828100518.0 | ||
| 008 | 250317b ||||| |||| 00| 0 eng d | ||
| 020 | _a9781472422620 | ||
| 040 | _cURS | ||
| 050 |
_aHD58.8 _b.R348 2014 |
||
| 100 |
_911262 _aRandell, Gerry |
||
| 245 |
_aTowards Organizational Fitness _bA Guide to Diagnosis and Treatment |
||
| 264 |
_aEngland _bGower Publishing _c©2014 |
||
| 300 |
_a160 pages.,: _c25 cm. |
||
| 336 |
_2rdacontent _atext |
||
| 337 |
_2rdamedia _aunmediated |
||
| 338 |
_2rdacarrier _avolume |
||
| 650 | 0 |
_94240 _aOrganizational change |
|
| 650 | 0 |
_91074 _aProblem solving |
|
| 650 | 0 |
_91361 _aCorporate culture |
|
| 650 | 0 |
_911263 _aOrganizational _xEvaluation |
|
| 700 |
_911264 _aToplis, John |
||
| 942 |
_2lcc _cR |
||
| 999 |
_c85132 _d85130 |
||